Antologi puisi bengkel tulis & terbit : impian naluri

Bibliographic Details
Other Authors: S. M. Zakir, Shamsudin Othman
Format: Book
Published: Kuala Lumpur : Nusa Centre , 2020
Subjects:

MARC

LEADER 00000cam a2200000 7i4500
001 0000090551
005 20230125154733.0
008 221129
020 |a 9789672428114 
041 |a Malay 
090 0 0 |a IMP   |b MAL 
245 1 0 |a Antologi puisi bengkel tulis & terbit :   |b impian naluri 
260 |a Kuala Lumpur :   |b Nusa Centre ,   |c 2020 
300 |a 204 p. ;   |c 18.5 cm. 
541 |c Purchased on 2022   |f 0001106 KAD   |h RM30.00 
650 0 |a Malay poetry 
650 0 |a Poetry 
700 0 |a S. M. Zakir 
700 0 |a Shamsudin Othman 
999 |a 0001699918   |b Book   |c Adult Collection   |e Perbadanan Perpustakaan Awam Johor 
999 |a 0001700662   |b Book   |c Adult Collection   |e Cawangan Urban Transformation Centre 
999 |a 0001700663   |b Book   |c Adult Collection   |e Cawangan Taman Universiti 
999 |a 0001700664   |b Book   |c Adult Collection   |e Cawangan Batu Pahat 
999 |a 0001700665   |b Book   |c Adult Collection   |e Cawangan Tangkak 
999 |a 0001700666   |b Book   |c Adult Collection   |e Cawangan Segamat 
999 |a 0001700667   |b Book   |c Adult Collection   |e Cawangan Tmn. Ungku Tun Aminah 
999 |a 0001700668   |b Book   |c Adult Collection   |e Cawangan Taman Sri Lambak 
999 |a 0001700669   |b Book   |c Adult Collection   |e Cawangan Bukit Gambir 
999 |a 0001700670   |b Book   |c Adult Collection   |e Cawangan Muar 
999 |a 0001700671   |b Book   |c Adult Collection   |e Cawangan Bandar Penawar 
999 |a 0001700672   |b Book   |c Adult Collection   |e Cawangan Pontian 
999 |a 0001700673   |b Book   |c Adult Collection   |e Cawangan Bandar Tenggara 
999 |a 0001700674   |b Book   |c Adult Collection   |e Cawangan Mersing 
999 |a 0001700675   |b Book   |c Adult Collection   |e Perbadanan Perpustakaan Awam Johor 
999 |a 0001700676   |b Book   |c Adult Collection   |e Cawangan Kota Tinggi